Reliez le Titre à l'Auteur - Chanson Française - Statistiques

Statistiques générales
  • Ce quiz a été pris 234 fois
  • Le résultat moyen est 38 sur 50
Statistiques - réponses
Hint Réponse % Correct
Pour que tu m'aimes Encore Céline Dion
87%
Cette Année-là Claude François
87%
Mistral Gagnant Renaud
87%
Alors on Danse Stromae
87%
En Apesanteur Calogero
83%
La Grenade Clara Luciani
83%
L'Aventurier Indochine
83%
Les Yeux de la Mama Kendji Girac
83%
Mourir sur Scène Dalida
82%
Tous les Cris les S.O.S. Daniel Balavoine
82%
Envole-moi Jean-Jacques Goldman
82%
Copines Aya Nakamura
81%
La Lettre Renan Luce
81%
Joe le Taxi Vanessa Paradis
81%
Emmenez-moi Charles Aznavour
80%
La Foule Édith Piaf
80%
Je Suis un Homme Zazie
80%
Désenchantée Mylène Farmer
79%
Cendrillon Téléphone
79%
Beau-Papa Vianney
79%
Tout Oublier Angèle
78%
Tata Yoyo Annie Cordy
78%
Il Jouait du Piano Debout France Gall
78%
Au Soleil Jenifer
78%
Paris-Seychelles Julien Doré
78%
En Feu Soprano
78%
Voyage Voyage Desireless
77%
La Corrida Francis Cabrel
77%
Place des Grands Hommes Patrick Bruel
77%
Aline Christophe
75%
Les Démons de Minuit Images
75%
L'Envie Johnny Hallyday
74%
La Maladie d'Amour Michel Sardou
73%
Ma Liberté de Penser Florent Pagny
72%
Les Copains d'Abord Georges Brassens
72%
Je Danse le Mia IAM
72%
Dans les Yeux d’Émilie Joe Dassin
72%
Le Dîner Benabar
69%
Le Vent Nous Portera Noir Désir
68%
La Terre Est Ronde Orelsan
68%
Lucie Pascal Obispo
67%
Le Chemin Kyo
66%
Caroline MC Solaar
66%
La Groupie du Pianiste Michel Berger
66%
Le Poinçonneur des Lilas Serge Gainsbourg
64%
Qui de Nous Deux -M-
63%
Week-end à Rome Étienne Daho
62%
Ces gens-là Jacques Brel
58%
Le Déserteur Boris Vian
55%
Nathalie Gilbert Bécaud
55%
Aucun quiz correspondant
Distribution des résultats
% des personnes avec chaque résultat
Percentile par nombre de réponses
Votre historique - résultats
Vous n’avez pas pris ce quiz